| 000 | 00554cam a22001815a 4500 | ||
|---|---|---|---|
| 001 | L155963 | ||
| 008 | 120423s1868 xxk f 000 0 eng d | ||
| 035 | _a(Sirsi) u155963 | ||
| 041 | 0 | _aeng | |
| 100 | 1 |
_aRyde, Edward _dfl. 1842-1873 |
|
| 245 | 0 | 2 |
_aA handy book in a series of letters _bLetter VIII: Rating of railways |
| 260 |
_aLondon _bCassell, Petter, and Galpin. _c1868 |
||
| 300 |
_a36p. _c18cm. |
||
| 583 |
_aCondition reviewed _c20120620 _lcondition level 1 |
||
| 651 | 4 |
_aGreat Britain _y1707- |
|
| 690 | _aFinance and taxation | ||
| 942 | _n0 | ||
| 999 |
_c113948 _d113948 |
||